| 000 | 00516cam a22002051 4500 | ||
|---|---|---|---|
| 001 | sa 68013477 | ||
| 003 | DLC | ||
| 005 | 20260227112622.0 | ||
| 008 | 890515s1968 io 000 0 dut | ||
| 010 | _asa 68013477 | ||
| 035 | _a(OCoLC)23398421 | ||
| 040 |
_aDLC _cMiU _dDLC |
||
| 042 | _apremarc | ||
| 050 | 0 | 0 |
_aBT380.2 _b.V47 |
| 100 | 1 | _aVerkuyl, Johannes. | |
| 245 | 1 | 0 | _aChotbah dibukit |
| 260 |
_aDjakarta, _bBadan Penerbit Kristen _c[1968] |
||
| 300 |
_a147 p. _c21 cm. |
||
| 630 | 0 | 0 | _aSermon on the mount. |
| 999 |
_c85132 _d85132 |
||